ბათუმის შოთა რუსთაველის სახელმწიფო უნივერსიტეტის ბიბლიოთეკა

ფიქრები მიხეილ თამარაშვილზე. (ბიბ.ჩანაწერი № 40686)

000 -LEADER
fixed length control field 00960nam a2200241Ia 4500
001 - CONTROL NUMBER
control field 7321
003 - CONTROL NUMBER IDENTIFIER
control field GE_BSU
008 - FIXED-LENGTH DATA ELEMENTS--GENERAL INFORMATION
fixed length control field 181216s||||||||xx |||||||||||||| ||und||
020 ## - INTERNATIONAL STANDARD BOOK NUMBER
International Standard Book Number 9789941175435
040 ## - CATALOGING SOURCE
Transcribing agency GE_BSU
080 ## - UNIVERSAL DECIMAL CLASSIFICATION NUMBER
Universal Decimal Classification number 930(479.22)(092)+272-726.3(479.22)
100 ## - MAIN ENTRY--PERSONAL NAME
Personal name ფეიქრიშვილი ჟუჟუნა.
245 ## - TITLE STATEMENT
Title ფიქრები მიხეილ თამარაშვილზე.
245 ## - TITLE STATEMENT
Remainder of title (ეძღვნება მიხეილ თამარაშვილის გარდაცვალების 100 წლისთავს.)
245 ## - TITLE STATEMENT
Statement of responsibility, etc. მხატვ.:გიორგი ლაშქარეიშვილი.
260 ## - PUBLICATION, DISTRIBUTION, ETC.
Place of publication, distribution, etc. თბილისი.
260 ## - PUBLICATION, DISTRIBUTION, ETC.
Name of publisher, distributor, etc. უნივერსალი.
260 ## - PUBLICATION, DISTRIBUTION, ETC.
Date of publication, distribution, etc. 2012.
300 ## - PHYSICAL DESCRIPTION
Extent 53 გვ; 20 სმ.
300 ## - PHYSICAL DESCRIPTION
Other physical details ილ.
653 ## - INDEX TERM--UNCONTROLLED
Uncontrolled term ფიქრები მიხეილ თამარაშვილზე.
942 ## - ADDED ENTRY ELEMENTS (KOHA)
Koha item type წიგნი
ეგზემპლარები
Withdrawn status Lost status Damaged status Not for loan Date acquired Barcode Date last seen Price effective from Koha item type
        2018-12-17 18670 2018-12-17 2018-12-17 წიგნი
        2018-12-17 18671 2018-12-17 2018-12-17 წიგნი